|
|
|
|
| LEADER |
00000nam0a2200000 4500 |
| 001 |
311192 |
| 005 |
20231102002348.0 |
| 010 |
|
|
|a 9785392198757
|
| 035 |
|
|
|a (RuTPU)RU\TPU\book\336547
|
| 090 |
|
|
|a 311192
|
| 100 |
|
|
|a 20151203d2016 m y0rusy50 ca
|
| 101 |
0 |
|
|a rus
|a eng
|
| 102 |
|
|
|a RU
|
| 105 |
|
|
|a y j 000zy
|
| 200 |
1 |
|
|a Грамматика английского языка: просто и доступно
|e учебное пособие для вузов
|f А. А. Тихонов
|
| 210 |
|
|
|a Москва
|c Проспект
|d 2016
|
| 215 |
|
|
|a 239 с.
|
| 225 |
1 |
|
|a Учебное пособие для ленивых
|
| 330 |
|
|
|a Данное издание представляет собой простой и удобный справочник по грамматике английскою языка. Оно включает основные правила, а также различные упражнения и тесты с ключами, которые помогут закрепить усвоенные знания.Для школьников, студентов и всех самостоятельно изучающих английский язык.
|
| 606 |
1 |
|
|a Английский язык
|x Учебные руководства и пособия для высшей школы
|x Пособия по грамматике
|2 stltpush
|3 (RuTPU)RU\TPU\subj\29073
|9 52485
|
| 610 |
1 |
|
|a грамматика
|
| 610 |
1 |
|
|a имя существительное
|
| 610 |
1 |
|
|a местоимения
|
| 610 |
1 |
|
|a формы
|
| 610 |
1 |
|
|a глаголы
|
| 610 |
1 |
|
|a модальность
|
| 610 |
1 |
|
|a прилагательные
|
| 610 |
1 |
|
|a предложения
|
| 610 |
1 |
|
|a учебные пособия
|
| 686 |
|
|
|a Ш143.21-923.2
|v LBC/SL-A
|2 rubbk
|
| 700 |
|
1 |
|a Тихонов
|b А. А.
|g Александр Александрович
|
| 801 |
|
1 |
|a RU
|b 63413507
|c 20151203
|
| 801 |
|
2 |
|a RU
|b 63413507
|c 20160226
|g RCR
|
| 900 |
|
|
|a Грунтоведение
|
| 900 |
|
|
|a Английский язык
|
| 942 |
|
|
|c BK
|
| 959 |
|
|
|a 152/20151203
|d 1
|e 250,00
|f ЧЗИЛ:1
|